Memoires sur les journees de septembre 1792

Αποθηκεύτηκε σε:
Λεπτομέρειες βιβλιογραφικής εγγραφής
Κύριος συγγραφέας: Jourgniac Saint-Meard, Francois de, 1745-1827
Άλλοι συγγραφείς: Sicard, Roch Ambroise, 1742-1822, Jourdan, Antoine Gabriel Aime, Barriere, Fs. (Francoise), 1786-1868
Μορφή: Βιβλίο
Γλώσσα:French
Δημοσίευση: Paris : Firmin-Didot freres, fils et cie, 1858.
Σειρά:(Bibliotheque des memoires relatifs a l'histoire de France pendant le 18e siecle ; t. xviii)
Θέματα:
Ετικέτες: Προσθήκη ετικέτας
Δεν υπάρχουν, Καταχωρήστε ετικέτα πρώτοι!

MARC

LEADER 00000cam a2200000 i 4500
001 1/2270
008 000425s1858 fr | ||| |||| ||fre||
035 |l 10060347 
040 |a GR-MyUa  |b gre  |e AACR2 
041 0 |a fre 
082 7 |a 944.04   |2 (22) 
100 1 |a Jourgniac Saint-Meard, Francois de,   |d 1745-1827. 
245 1 0 |a Memoires sur les journees de septembre 1792 /   |c par M. Jourgniac de Saint-Meard, Mme la marquise de Fausse-Lendry, l'abbe Sicard et M. Gabriel-Aime Jourdan ... suivie des deliberations prises par le commune de Paris, et des proces-verbaux de la mairie de Versailles, avec avant-propos et notes par M. Fs. Barriere. 
260 |a Paris :   |b Firmin-Didot freres, fils et cie,   |c 1858. 
300 |a xii, 313 σ. ;   |c 19 εκ. 
490 0 |a (Bibliotheque des memoires relatifs a l'histoire de France pendant le 18e siecle ;   |v t. xviii) 
651 0 |a France  |x History  |y Revolution, 1789-1799. 
700 1 |a Sicard, Roch Ambroise,   |d 1742-1822. 
700 1 |a Jourdan, Antoine Gabriel Aime. 
700 1 |a Barriere, Fs.   |q (Francoise),  |d 1786-1868. 
852 |a INST  |b LESVOS  |e 20000425  |h 944.04 JOU  |p 005100021148  |q 005100021148  |t BK  |y 0 
901 |a BIBL1-2000-2 
970 |z 2000/04/ΜΙΧΑΗΛΙΔΟΥ ΑΝΝΑ